000
00269nam a22001217a 4500
008
190225b xxu||||| |||| 00| 0 eng d
041
_a
eng
080
_a
004
100
_a
28
101
_a
SHKI
245
_a
Guassian 03. User's Reference
_c
Frisch, A
942
_2
udc
_c
BK
999
_c
54200
_d
54200